00798nac a22002291u 4500010001700000020003400017020002900051082001300080090001500093100003400108245003600142250001200178260004800190300003500238500002400273504006800297511002600365650001600391942001500407999001500422952013100437 a 2006925140 a0618833455 (instructor's ed.) a0618767959 (student ed.) a658bGRI c8714d8714 aGriffin, Ricky W. 10aManagement /cRicky W. Griffin. a9th ed. aBoston :bHoughton Mifflin Co.,2008cc2008. axxix, 738 p. :bill. ;c27 cm. adistributer: baccah aIncludes bibliographical references (p. [659]-682) and indexes. acatalogued by: wessam 0aManagement. cBBk658GRI c8714d8714 00102ddc40708BaccahaMAINbMAINc1STd2008-03-18ePurchasel3m10o658 GRIp000010529r2025-07-15 00:00:00s2020-02-23yBB